Statistiques concernant Films de Luc Besson par image

Cliquez ici pour prendre le quiz!

Statistiques générales

  • Ce quiz a été pris 259 fois
    (102 depuis la dernière actualisation)
  • Le résultat moyen est 6 sur 12

Statistiques - réponses

Réponse% Correct
Arthur et les Minimoys
96%
Léon
94%
Le Grand Bleu
81%
Lucy
74%
Le Cinquième Élément
73%
Jeanne d'Arc
67%
Valérian et la Cité des mille planètes
66%
Les Aventures extraordinaires d'Adèle Blanc-Sec
39%
Subway
22%
DogMan
16%
Anna
14%
The Lady
6%

Distribution des résultats

Percentile par nombre de réponses

% des personnes avec chaque résultat

Votre développement - résultats

Vous n’avez pas pris ce quiz depuis la dernière actualisation